[Event "Tradewise Gibraltar ChallWk2"]
[Site "Gibraltar"]
[Date "2018.01.29"]
[Round "3.26"]
[White "Schweitzer, Werner"]
[Black "Khoo-Thwe, Louis"]
[Result "1-0"]
[WhiteElo "2060"]
[BlackElo "1724"]
[PlyCount "67"]
[EventDate "2018.01.27"]
[EventType "swiss"]
[EventRounds "5"]
[EventCountry "GGB"]

1. e4 e5 2. Nc3 Nf6 3. g3 Bc5 4. Bg2 d6 5. Nge2 O-O 6. O-O Nc6 7. Na4 Bb6 8.
Nxb6 axb6 9. d3 Be6 10. f4 Re8 11. f5 Bc8 12. Nc3 Nd4 13. g4 b5 14. g5 Nd7 15.
f6 g6 16. Nd5 Nc5 17. Be3 c6 18. Nb4 Na4 19. c3 Ne6 20. Qd2 Nf8 21. Qf2 c5 22.
Nd5 h6 23. Qh4 h5 24. Bf3 Qd7 25. Kg2 Nh7 26. b3 Nxc3 27. Nxc3 Nf8 28. Nd5 Qd8
29. Bxh5 gxh5 30. Qxh5 Ne6 31. g6 fxg6 32. Qxg6+ Kh8 33. Qh6+ Kg8 34. f7# 1-0

[Event "Tradewise Gibraltar ChallWk2"]
[Site "Gibraltar"]
[Date "2018.01.29"]
[Round "3.27"]
[White "Bryn, Askild"]
[Black "Livesey, R Nigel"]
[Result "1-0"]
[WhiteElo "2057"]
[BlackElo "1750"]
[PlyCount "117"]
[EventDate "2018.01.27"]
[EventType "swiss"]
[EventRounds "5"]
[EventCountry "GGB"]

1. e4 c6 2. d4 d5 3. Nc3 b5 4. e5 b4 5. Nce2 e6 6. f4 Ba6 7. Nf3 Nd7 8. Ng3
Bxf1 9. Rxf1 g6 10. Ng5 h6 11. Nxf7 Kxf7 12. f5 Qh4 13. fxe6+ Kxe6 14. Rf4 Qxh2
15. Qg4+ Ke7 16. Qxg6 Kd8 17. Nf1 Qh1 18. Qxc6 Rc8 19. Qxd5 Ne7 20. Qe4 Rg8 21.
Rf2 Nb6 22. a3 b3 23. cxb3 Nbd5 24. Bd2 h5 25. e6 Bg7 26. Ke2 Bf6 27. Ne3 Qxa1
28. Nxd5 Rg4 29. Ba5+ Rc7 30. Bxc7+ Kc8 31. Nxe7+ Bxe7 32. Qc2 Kb7 33. d5 Bc5
34. Qxc5 Qxb2+ 35. Kf1 Qb1+ 36. Ke2 Qb2+ 37. Kf3 Qxb3+ 38. Qe3 Qd1+ 39. Re2
Qxd5+ 40. Kf2 Rxg2+ 41. Ke1 Rxe2+ 42. Kxe2 Qg2+ 43. Kd3 Qd5+ 44. Kc3 Qc6+ 45.
Kd2 Qd5+ 46. Ke1 Qh1+ 47. Kf2 Kxc7 48. Qxa7+ Kd6 49. Qd7+ Ke5 50. e7 Qh2+ 51.
Ke3 Qg3+ 52. Kd2 Qf4+ 53. Kc3 Qc1+ 54. Kb4 Qb2+ 55. Ka4 Qc2+ 56. Kb5 Qb3+ 57.
Kc6 Qc4+ 58. Kb6 Qb3+ 59. Kc7 1-0

[Event "Tradewise Gibraltar ChallWk2"]
[Site "Gibraltar"]
[Date "2018.01.29"]
[Round "3.28"]
[White "Sandhya, Goli"]
[Black "Broekman, Willem"]
[Result "1/2-1/2"]
[WhiteElo "1934"]
[BlackElo "2006"]
[PlyCount "57"]
[EventDate "2018.01.27"]
[EventType "swiss"]
[EventRounds "5"]
[EventCountry "GGB"]

1. e4 e6 2. d4 d5 3. Bd3 dxe4 4. Bxe4 Nf6 5. Bf3 Nbd7 6. Nc3 c5 7. Nge2 c4 8.
Bf4 Nb6 9. O-O Be7 10. a4 O-O 11. Bg3 Nbd5 12. Nb5 a6 13. Na3 Bxa3 14. Rxa3 Bd7
15. Nc3 Qa5 16. Qe2 Rac8 17. Bd6 Rfe8 18. Be5 Nxc3 19. Rxc3 Nd5 20. Bxd5 exd5
21. Qd2 Qd8 22. Rg3 g6 23. Qh6 Rxe5 24. dxe5 Bxa4 25. Rh3 Be8 26. Qxh7+ Kf8 27.
Qh8+ Ke7 28. Qf6+ Kd7 29. Qd6# 1/2-1/2

[Event "Tradewise Gibraltar ChallWk2"]
[Site "Gibraltar"]
[Date "2018.01.29"]
[Round "3.29"]
[White "Maric, Boris"]
[Black "Panday, Sohrab"]
[Result "1-0"]
[WhiteElo "2034"]
[BlackElo "1938"]
[PlyCount "78"]
[EventDate "2018.01.27"]
[EventType "swiss"]
[EventRounds "5"]
[EventCountry "GGB"]

1. c4 e5 2. g3 Nf6 3. Bg2 Bc5 4. Nc3 Nc6 5. Nf3 d6 6. d3 O-O 7. O-O h6 8. a3 a5
9. h3 Be6 10. b3 Qd7 11. Kh2 Rae8 12. Bb2 d5 13. Na4 Bd4 14. Nxd4 Nxd4 15. e3
Nc6 16. Nc5 Qc8 17. Nxe6 Qxe6 18. cxd5 Nxd5 19. Qc2 f5 20. Rfe1 Kh8 21. e4 fxe4
22. Rxe4 Re7 23. f4 Qd6 24. fxe5 Nxe5 25. Qe2 Rfe8 26. Re1 Ng6 27. Qh5 Kh7 28.
Rxe7 Rxe7 29. Be4 c6 30. Rf1 Ne3 31. Rf6 Nf1+ 32. Rxf1 Rxe4 33. dxe4 Qd2+ 34.
Kh1 Qxb2 35. Qf5 Qxb3 36. Rf3 Qd1+ 37. Kg2 Qd2+ 38. Rf2 Qc3 39. h4 Qxa3 1-0

[Event "Tradewise Gibraltar ChallWk2"]
[Site "Gibraltar"]
[Date "2018.01.29"]
[Round "3.30"]
[White "Hamer, Martyn"]
[Black "Odeh, Kenneth"]
[Result "1/2-1/2"]
[WhiteElo "2020"]
[BlackElo "1922"]
[PlyCount "83"]
[EventDate "2018.01.27"]
[EventType "swiss"]
[EventRounds "5"]
[EventCountry "GGB"]

1. f4 b6 2. b3 Bb7 3. e3 e6 4. Bb2 Nf6 5. Nf3 Be7 6. Bd3 Nc6 7. O-O d5 8. a3
O-O 9. Qe1 Ne4 10. Be2 Bf6 11. Bxf6 Qxf6 12. d4 Ne7 13. Ne5 Rfd8 14. Nd2 Nxd2
15. Qxd2 Nf5 16. Bd3 Nd6 17. Rfd1 Rac8 18. b4 Qe7 19. c3 f6 20. Ng4 c5 21. bxc5
bxc5 22. Rdc1 Rc7 23. a4 c4 24. Bc2 a5 25. Rcb1 Bc8 26. Qe2 Rdd7 27. Nf2 f5 28.
Nh3 Rb7 29. Ng5 Rxb1+ 30. Rxb1 Rb7 31. Qd1 h6 32. Nf3 Ne4 33. Bxe4 fxe4 34. Ne5
Rxb1 35. Qxb1 Qb7 36. Qxb7 Bxb7 37. Nd7 Kf7 38. Kf2 Ke7 39. Nc5 Bc6 40. Kg3 Kf6
41. Kg4 g6 42. g3 1/2-1/2

[Event "Tradewise Gibraltar ChallWk2"]
[Site "Gibraltar"]
[Date "2018.01.29"]
[Round "3.31"]
[White "Burke, Mitchell R"]
[Black "De Vega Fernandez, Francisco J"]
[Result "1-0"]
[WhiteElo "1989"]
[BlackElo "1784"]
[PlyCount "81"]
[EventDate "2018.01.27"]
[EventType "swiss"]
[EventRounds "5"]
[EventCountry "GGB"]

1. e4 c5 2. Nc3 g6 3. f4 Bg7 4. Nf3 Nc6 5. Bb5 Nd4 6. O-O Nxb5 7. Nxb5 d5 8. e5
d4 9. c3 a6 10. Na3 b5 11. cxd4 cxd4 12. d3 Nh6 13. Nc2 Nf5 14. Qe1 h5 15. Qf2
O-O 16. b3 Qd5 17. Bb2 Rd8 18. Ncxd4 Nxd4 19. Qxd4 Qxd4+ 20. Nxd4 Bb7 21. Rac1
Rac8 22. Rxc8 Rxc8 23. Rc1 Rxc1+ 24. Bxc1 e6 25. Ba3 Bf8 26. Bxf8 Kxf8 27. Kf2
Ke7 28. b4 Bd5 29. a3 Kd7 30. g3 Ke7 31. Ke3 f5 32. exf6+ Kxf6 33. Nf3 Bxf3 34.
Kxf3 Kf5 35. h3 g5 36. g4+ hxg4+ 37. hxg4+ Kf6 38. fxg5+ Kxg5 39. d4 Kg6 40.
Kf4 Kf6 41. g5+ 1-0

[Event "Tradewise Gibraltar ChallWk2"]
[Site "Gibraltar"]
[Date "2018.01.29"]
[Round "3.32"]
[White "Suez-Panama, Gilles"]
[Black "Chibnall, Alana"]
[Result "0-1"]
[WhiteElo "1959"]
[BlackElo "1906"]
[PlyCount "132"]
[EventDate "2018.01.27"]
[EventType "swiss"]
[EventRounds "5"]
[EventCountry "GGB"]

1. d4 Nf6 2. Nf3 g6 3. c4 Bg7 4. Nc3 d6 5. Bf4 O-O 6. e3 Nh5 7. Bg5 Qe8 8. Be2
c6 9. O-O e5 10. Ne1 Nf6 11. h3 h6 12. Bh4 Nh7 13. Bg3 f5 14. c5 exd4 15. exd4
f4 16. Bh2 d5 17. Nf3 Nd7 18. Re1 Qf7 19. Bd3 Rd8 20. Qc2 Nhf8 21. Re2 g5 22.
Rae1 Nf6 23. Re7 Qh5 24. Ne5 Bxh3 25. gxh3 Qxh3 26. Bf5 Qh4 27. Qe2 Re8 28.
Rxe8 Rxe8 29. f3 N6d7 30. Qf2 Qxf2+ 31. Kxf2 Nxe5 32. dxe5 Bxe5 33. Kf1 Kf7 34.
Bg1 Kf6 35. Bg4 Ne6 36. Nd1 Ng7 37. b4 h5 38. Bh3 Ne6 39. Re2 g4 40. fxg4 Ng5
41. Nf2 Nxh3 42. Nxh3 hxg4 43. Nxf4 Kg5 44. Nd3 Rf8+ 45. Kg2 Bf6 46. Bf2 Rf7
47. Kg3 Kf5 48. Re8 Rh7 49. Kg2 Re7 50. Rf8 Ke4 51. Rxf6 Kxd3 52. Rg6 a6 53.
Rxg4 Re4 54. Rg7 Rxb4 55. a3 Rb2 56. Kf3 Kc4 57. Rg4+ Kb3 58. Be3 Ka2 59. Rb4
Rxb4 60. axb4 Kb3 61. Bd2 Kc2 62. Be3 Kc3 63. Ke2 Kxb4 64. Kd3 a5 65. Bd4 a4
66. Kc2 Kc4 0-1

[Event "Tradewise Gibraltar ChallWk2"]
[Site "Gibraltar"]
[Date "2018.01.29"]
[Round "3.33"]
[White "Guthrie, David"]
[Black "Hubbard, Michael"]
[Result "1-0"]
[WhiteElo "2181"]
[BlackElo "1913"]
[PlyCount "63"]
[EventDate "2018.01.27"]
[EventType "swiss"]
[EventRounds "5"]
[EventCountry "GGB"]

1. d4 Nf6 2. c4 c5 3. d5 e5 4. Nc3 d6 5. e4 Nbd7 6. g3 Be7 7. Bg2 a6 8. f4 g6
9. Nf3 O-O 10. O-O Ne8 11. f5 Ndf6 12. h3 b5 13. Bh6 Ng7 14. g4 b4 15. Ne2 Nxe4
16. Nxe5 dxe5 17. Bxe4 Bg5 18. Bxg5 Qxg5 19. Qc1 Qh4 20. Qe3 gxf5 21. gxf5 Kh8
22. Kh2 Rg8 23. Rg1 Bxf5 24. Bxf5 Nxf5 25. Qxe5+ Ng7 26. Qf4 Qe7 27. Ng3 a5 28.
Rae1 Qd7 29. Qf6 Rad8 30. Nh5 Qc7+ 31. Rg3 Rd6 32. Qxg7+ 1-0

[Event "Tradewise Gibraltar ChallWk2"]
[Site "Gibraltar"]
[Date "2018.01.29"]
[Round "3.34"]
[White "Weeramantry, Sunil"]
[Black "Cernuda Orejas, Victor Manuel"]
[Result "1-0"]
[WhiteElo "2029"]
[BlackElo "1910"]
[PlyCount "83"]
[EventDate "2018.01.27"]
[EventType "swiss"]
[EventRounds "5"]
[EventCountry "GGB"]

1. e4 d5 2. Nc3 dxe4 3. Nxe4 Nf6 4. Nxf6+ exf6 5. g3 Bd7 6. Bg2 Bc6 7. Qe2+ Qe7
8. Qxe7+ Bxe7 9. Nf3 Nd7 10. O-O Ne5 11. Nd4 Bxg2 12. Kxg2 Kd7 13. Nf5 g6 14.
Nxe7 Kxe7 15. d4 Nc6 16. c3 Kd7 17. Bf4 Rhe8 18. Rfe1 Rxe1 19. Rxe1 h5 20. Kf3
Rc8 21. Bh6 Re8 22. Rxe8 Kxe8 23. g4 hxg4+ 24. Kxg4 Ke7 25. Bf4 Kd7 26. Be3 Ne7
27. h4 Ke6 28. c4 c6 29. h5 gxh5+ 30. Kxh5 Kf5 31. Kh6 Ke4 32. Kg7 f5 33. Kxf7
Nc8 34. Ke6 f4 35. Bc1 Nb6 36. b3 Kf3 37. d5 Kxf2 38. Bxf4 Kf3 39. Bb8 cxd5 40.
cxd5 Nc8 41. d6 Nxd6 42. Kxd6 1-0

[Event "Tradewise Gibraltar ChallWk2"]
[Site "Gibraltar"]
[Date "2018.01.29"]
[Round "3.35"]
[White "Hendrix, Joachim"]
[Black "Williamson, Kevin J"]
[Result "1/2-1/2"]
[WhiteElo "1960"]
[BlackElo "1905"]
[PlyCount "51"]
[EventDate "2018.01.27"]
[EventType "swiss"]
[EventRounds "5"]
[EventCountry "GGB"]

1. Nf3 d5 2. g3 Nc6 3. Bg2 e5 4. d3 Nf6 5. O-O Be7 6. a3 O-O 7. b4 a6 8. Bb2 d4
9. c4 dxc3 10. Nxc3 Bd6 11. Rc1 Bd7 12. Na4 Qe7 13. Nc5 Rab8 14. Nd2 Nd8 15.
Nxd7 Qxd7 16. Nc4 Re8 17. Qc2 c6 18. Rfd1 Bc7 19. Qb1 Qf5 20. Ne3 Qg6 21. Rc4
Ne6 22. Qa1 Nf8 23. d4 exd4 24. Bxd4 N8d7 25. Rcc1 Rbd8 26. a4 1/2-1/2

[Event "Tradewise Gibraltar ChallWk2"]
[Site "Gibraltar"]
[Date "2018.01.29"]
[Round "3.36"]
[White "Gostelow, David W"]
[Black "Perez Beltran, Salvador"]
[Result "0-1"]
[WhiteElo "1945"]
[BlackElo "1900"]
[PlyCount "63"]
[EventDate "2018.01.27"]
[EventType "swiss"]
[EventRounds "5"]
[EventCountry "GGB"]

1. d4 Nf6 2. Nf3 e6 3. Bf4 d5 4. e3 c5 5. c3 Nc6 6. Nbd2 Bd6 7. Bg3 O-O 8. Bd3
b6 9. Qe2 Bb7 10. Rd1 Rc8 11. e4 Be7 12. e5 Nh5 13. Ng5 Bxg5 14. Qxh5 g6 15.
Qe2 cxd4 16. Nf3 dxc3 17. Nxg5 Qxg5 18. h4 Qh6 19. bxc3 Na5 20. Qg4 Qh5 21. Qd4
Nc4 22. Be2 Qf5 23. h5 Qe4 24. hxg6 hxg6 25. Qxe4 dxe4 26. Rd7 Bc6 27. Rxa7 Na5
28. Bh4 f6 29. Bxf6 Bb7 30. Rh8+ Kf7 31. Rh7+ Ke8 32. Re7+ 0-1

[Event "Tradewise Gibraltar ChallWk2"]
[Site "Gibraltar"]
[Date "2018.01.29"]
[Round "3.37"]
[White "Hermes, Geoff R"]
[Black "Adebajo, Olufemi"]
[Result "0-1"]
[WhiteElo "1879"]
[BlackElo "1922"]
[PlyCount "109"]
[EventDate "2018.01.27"]
[EventType "swiss"]
[EventRounds "5"]
[EventCountry "GGB"]

1. d4 c5 2. d5 e5 3. e4 d6 4. Nc3 Be7 5. Nf3 Nf6 6. h3 O-O 7. Bd3 a6 8. a4 Nbd7
9. O-O Re8 10. Re1 Nf8 11. Ne2 c4 12. Bxc4 Nxe4 13. Bd3 Nc5 14. Ng3 g6 15. Bf1
Bd7 16. a5 b5 17. axb6 Qxb6 18. Be3 f5 19. Bxc5 Qxc5 20. Bxa6 Qb6 21. Bf1 Qxb2
22. Rb1 Qc3 23. Re3 Qc7 24. Reb3 Ba4 25. Rb7 Qxc2 26. Qxc2 Bxc2 27. Rc1 Ba4 28.
Rcc7 Bf6 29. Rf7 Bh8 30. Ng5 h6 31. Ne6 Nxe6 32. dxe6 Bc6 33. Rbc7 Bd5 34. Rh7
Rxe6 35. Rhd7 e4 36. Ne2 Be5 37. Nc3 Bxc3 38. Rxc3 Rf6 39. Bc4 Bxc4 40. Rxc4
Raf8 41. Rd4 Re8 42. R4xd6 Rxd6 43. Rxd6 Kf7 44. g3 h5 45. h4 e3 46. fxe3 Rxe3
47. Kf2 Re6 48. Rd5 Kf6 49. Kf3 g5 50. hxg5+ Kxg5 51. Rd8 Rg6 52. Rh8 Rg7 53.
Rf8 Rg6 54. Rh8 Rb6 55. Rg8+ 0-1

[Event "Tradewise Gibraltar ChallWk2"]
[Site "Gibraltar"]
[Date "2018.01.29"]
[Round "3.38"]
[White "Ansari, Athar"]
[Black "Matthews, Adrian M S"]
[Result "1/2-1/2"]
[WhiteElo "1919"]
[BlackElo "1839"]
[PlyCount "138"]
[EventDate "2018.01.27"]
[EventType "swiss"]
[EventRounds "5"]
[EventCountry "GGB"]

1. e4 c5 2. c3 d5 3. exd5 Qxd5 4. d4 Nf6 5. Nf3 Bg4 6. Be2 e6 7. c4 Qd8 8. h3
Bh5 9. Qb3 Qb6 10. Qxb6 axb6 11. Na3 cxd4 12. Nb5 Bb4+ 13. Bd2 Bxd2+ 14. Nxd2
Na6 15. Bxh5 Nxh5 16. Nxd4 O-O-O 17. N2b3 Nf4 18. O-O Nc5 19. Rfd1 Rd7 20. Nf3
Rxd1+ 21. Rxd1 Nxb3 22. axb3 Rd8 23. Rxd8+ Kxd8 24. g3 Ne2+ 25. Kf1 Nc1 26. Nd2
Ke7 27. Ke1 f5 28. Kd1 Nd3 29. Ke2 Nb4 30. f4 Kd6 31. Nf3 Nc6 32. Kd3 Nb4+ 33.
Kc3 Na2+ 34. Kc2 Nb4+ 35. Kd2 Nc6 36. Ke3 e5 37. fxe5+ Nxe5 38. Nd4 g6 39. Kf4
Nf7 40. b4 h6 41. h4 Ne5 42. Nb5+ Ke6 43. Nc7+ Kf6 44. Nd5+ Ke6 45. b3 g5+ 46.
hxg5 hxg5+ 47. Kxg5 Nf3+ 48. Kf4 Nd2 49. Nxb6 Nxb3 50. Na4 Nd2 51. Nc5+ Kf6 52.
Nxb7 Nxc4 53. Nc5 Nd6 54. Nb3 Nb5 55. Nc5 Nc3 56. Nd3 Ke6 57. Ne1 Nd5+ 58. Kg5
Nxb4 59. Nf3 Kf7 60. Kxf5 Nd5 61. Ne5+ Kg7 62. Nc4 Nf6 63. Nd6 Nd5 64. Ke4 Nf6+
65. Ke5 Ng4+ 66. Kf5 Ne3+ 67. Kg5 Nf1 68. g4 Nh2 69. Kf5 Nxg4 1/2-1/2

[Event "Tradewise Gibraltar ChallWk2"]
[Site "Gibraltar"]
[Date "2018.01.30"]
[Round "4.1"]
[White "Pinho, Paulo"]
[Black "Lacrosse, Marc"]
[Result "0-1"]
[WhiteElo "2186"]
[BlackElo "2117"]
[PlyCount "82"]
[EventDate "2018.01.27"]
[EventType "swiss"]
[EventRounds "5"]
[EventCountry "GGB"]

1. d4 d5 2. c4 e6 3. Nf3 Nf6 4. g3 Be7 5. Bg2 O-O 6. O-O dxc4 7. Ne5 c5 8. dxc5
Qc7 9. Nxc4 Qxc5 10. b3 Rd8 11. Nbd2 Qc7 12. Bb2 Nc6 13. Rc1 Bd7 14. Ne5 Qa5
15. Ndc4 Qa6 16. Nd3 Be8 17. Rc2 Rac8 18. Qa1 Na5 19. Rfc1 Nxc4 20. Rxc4 Rxc4
21. Rxc4 Bb5 22. Rc7 Bxd3 23. Rxe7 Bxe2 24. Bxf6 gxf6 25. Qxf6 Rd1+ 26. Bf1
Rxf1+ 27. Kg2 Qc6+ 28. Kh3 Bh5 29. Qf4 Qc5 30. Rxb7 Rxf2 31. Rc7 Qf5+ 32. Qxf5
exf5 33. Kh4 Bg4 34. h3 Rh2 35. Kg5 Rxh3 36. Kf4 Rh2 37. Rxa7 Rf2+ 38. Kg5 Kg7
39. Ra6 Rh2 40. b4 h6+ 41. Kf4 Re2 0-1

[Event "Tradewise Gibraltar ChallWk2"]
[Site "Gibraltar"]
[Date "2018.01.30"]
[Round "4.2"]
[White "Villar Reymundo, Juan Antonio"]
[Black "Elishev, Ivan"]
[Result "1-0"]
[WhiteElo "2121"]
[BlackElo "2087"]
[PlyCount "119"]
[EventDate "2018.01.27"]
[EventType "swiss"]
[EventRounds "5"]
[EventCountry "GGB"]

1. d4 g6 2. c4 c5 3. d5 b5 4. e4 d6 5. cxb5 Bg7 6. Nc3 Nf6 7. Nf3 O-O 8. Be2 a6
9. a4 axb5 10. Bxb5 Ba6 11. Bg5 Qa5 12. O-O Qb4 13. Qc2 Nbd7 14. Rfe1 Bxb5 15.
Nxb5 Nb6 16. Bd2 Qc4 17. Qxc4 Nxc4 18. Bc3 Rfb8 19. b3 Na5 20. Nd2 Ne8 21. Rec1
Rb7 22. Kf1 Bh6 23. Rcb1 Bxd2 24. Bxd2 Nc7 25. Bxa5 Rxa5 26. Na3 Rb4 27. f3 f5
28. Nc2 Rb7 29. b4 cxb4 30. Rxb4 Rba7 31. Nd4 Na6 32. Rbb1 Nc5 33. Nc6 fxe4 34.
Nxa7 Rxa7 35. a5 Kf7 36. Ke2 Kf6 37. f4 Kf5 38. Ke3 g5 39. g3 gxf4+ 40. gxf4
Nd3 41. a6 Nc5 42. Rb6 Kg4 43. Rc6 h5 44. Ra3 h4 45. Rc8 Kh3 46. Ra2 Rxa6 47.
Rxa6 Nxa6 48. Rh8 Nc5 49. Rh7 Nd3 50. Kxe4 Nf2+ 51. Kf5 Ng4 52. Kg5 Nxh2 53.
Rxh4+ Kg3 54. Rxh2 Kxh2 55. f5 Kg3 56. f6 exf6+ 57. Kxf6 Kg4 58. Ke6 Kg5 59.
Kxd6 Kf6 60. Kc7 1-0

[Event "Tradewise Gibraltar ChallWk2"]
[Site "Gibraltar"]
[Date "2018.01.30"]
[Round "4.3"]
[White "Plotkin, Victor"]
[Black "Sousa, Ludy Helsio Paulo"]
[Result "1-0"]
[WhiteElo "2242"]
[BlackElo "2153"]
[PlyCount "121"]
[EventDate "2018.01.27"]
[EventType "swiss"]
[EventRounds "5"]
[EventCountry "GGB"]

1. e4 c5 2. c3 Nf6 3. e5 Nd5 4. d4 cxd4 5. Nf3 e6 6. cxd4 d6 7. Nc3 Nxc3 8.
bxc3 Qc7 9. Bd2 Nd7 10. exd6 Bxd6 11. Bd3 b6 12. O-O Bb7 13. Qe2 O-O 14. h3 e5
15. Be4 Rae8 16. Bxb7 Qxb7 17. Be3 e4 18. Nd2 f5 19. f4 exf3 20. Qxf3 Qxf3 21.
Rxf3 f4 22. Bf2 Re2 23. Rd3 Rfe8 24. Kf1 Nf6 25. Re1 Rxe1+ 26. Bxe1 Nd5 27. Nc4
Re6 28. a4 Be7 29. Bd2 Bh4 30. Ne5 Bg3 31. c4 Nf6 32. Ke2 g5 33. Kf3 h5 34. Bc3
Rd6 35. d5 a5 36. Rd1 Kh7 37. Bb2 Nd7 38. Nxd7 Rxd7 39. Ba3 Kg6 40. d6 Kf6 41.
Rd5 Bh2 42. Ke4 Bg3 43. Bb2+ Ke6 44. Rxg5 Kxd6 45. Rd5+ Kc6 46. Rxd7 Kxd7 47.
Kd5 Bf2 48. Be5 Be3 49. Ke4 Kc6 50. Bxf4 Bxf4 51. Kxf4 h4 52. g4 hxg3 53. Kxg3
Kc5 54. h4 Kxc4 55. h5 Kb4 56. h6 Kxa4 57. h7 Kb3 58. h8=Q Ka2 59. Qb8 a4 60.
Qxb6 a3 61. Qb4 1-0

[Event "Tradewise Gibraltar ChallWk2"]
[Site "Gibraltar"]
[Date "2018.01.30"]
[Round "4.4"]
[White "Bottema, Martin"]
[Black "Galvan, Jesus"]
[Result "1/2-1/2"]
[WhiteElo "2114"]
[BlackElo "2223"]
[PlyCount "61"]
[EventDate "2018.01.27"]
[EventType "swiss"]
[EventRounds "5"]
[EventCountry "GGB"]

1. d4 d6 2. Nf3 Bg4 3. e4 Nf6 4. Nc3 e6 5. h3 Bh5 6. Be3 d5 7. exd5 exd5 8. Bd3
Bb4 9. O-O O-O 10. Bg5 c6 11. Nb1 Nbd7 12. c3 Bd6 13. Nbd2 Qc7 14. Re1 Rfe8 15.
Qc2 Bf4 16. Bxf4 Qxf4 17. g3 Qc7 18. Rxe8+ Rxe8 19. Re1 Rxe1+ 20. Nxe1 Bg6 21.
Bxg6 hxg6 22. Kg2 c5 23. dxc5 Nxc5 24. Ndf3 Nce4 25. Nd3 Nh5 26. g4 Nhf6 27.
Qe2 Qc4 28. Nc1 Qc8 29. Qe3 a6 30. Nd4 Qc7 31. Nd3 1/2-1/2

[Event "Tradewise Gibraltar ChallWk2"]
[Site "Gibraltar"]
[Date "2018.01.30"]
[Round "4.5"]
[White "Richards, Heather S"]
[Black "Elomari, Anas"]
[Result "1/2-1/2"]
[WhiteElo "2223"]
[BlackElo "2100"]
[PlyCount "97"]
[EventDate "2018.01.27"]
[EventType "swiss"]
[EventRounds "5"]
[EventCountry "GGB"]

1. e4 e6 2. d3 c5 3. Nf3 Nc6 4. g3 Nf6 5. Bg2 Be7 6. O-O O-O 7. Re1 d6 8. c3
Rb8 9. Nbd2 b5 10. d4 d5 11. e5 Nd7 12. Nf1 c4 13. h4 b4 14. Bf4 Re8 15. Ne3
Rb6 16. b3 cxb3 17. c4 b2 18. Rb1 dxc4 19. Nxc4 Ra6 20. Ng5 Nf8 21. d5 exd5 22.
Bxd5 Ne6 23. Nxe6 fxe6 24. Be4 Qxd1 25. Rexd1 Rd8 26. Rxd8+ Nxd8 27. Rxb2 Bb7
28. Bxb7 Nxb7 29. Kg2 Rc6 30. Nd2 Kf7 31. a3 a5 32. axb4 axb4 33. Ne4 Ke8 34.
Kf3 Kd7 35. Ke2 Kc7 36. Bd2 Rb6 37. h5 Kc6 38. h6 gxh6 39. Bxh6 Kb5 40. Kd3
Nc5+ 41. Nxc5 Bxc5 42. g4 Ra6 43. Bd2 Ra3+ 44. Ke4 Ra4 45. f4 Kc4 46. Rc2+ Kb5
47. Rb2 Kc4 48. Rc2+ Kb5 49. Rb2 1/2-1/2

[Event "Tradewise Gibraltar ChallWk2"]
[Site "Gibraltar"]
[Date "2018.01.30"]
[Round "4.6"]
[White "Madina Yadarola, Martin"]
[Black "Saber, Yasser"]
[Result "1-0"]
[WhiteElo "2167"]
[BlackElo "2244"]
[PlyCount "99"]
[EventDate "2018.01.27"]
[EventType "swiss"]
[EventRounds "5"]
[EventCountry "GGB"]

1. e4 d6 2. d4 Nf6 3. Nc3 g6 4. f4 Bg7 5. Nf3 O-O 6. Bd3 Na6 7. O-O c5 8. d5
Bg4 9. Be3 Rb8 10. h3 Bxf3 11. Rxf3 Nc7 12. a4 a6 13. a5 Nb5 14. Nxb5 axb5 15.
c3 e6 16. dxe6 fxe6 17. Bc2 Qe7 18. b4 cxb4 19. cxb4 Rbc8 20. Rb1 Kh8 21. Bd3
d5 22. e5 Ne4 23. Bxe4 dxe4 24. Rf2 Rfd8 25. Rd2 Rxd2 26. Qxd2 g5 27. Rd1 gxf4
28. Bxf4 Rf8 29. Be3 Qf7 30. Bc5 Rg8 31. Qe2 Qf4 32. Rf1 Qxe5 33. Re1 Qc3 34.
Qxe4 e5 35. Rf1 Bh6 36. Bd6 Qd4+ 37. Qxd4 exd4 38. Be5+ Bg7 39. Bxg7+ Kxg7 40.
Rf5 d3 41. Rg5+ Kf7 42. Rxg8 Kxg8 43. Kf2 Kf7 44. Ke3 Kf6 45. Kxd3 Kf5 46. Kd4
Kf4 47. Kc5 Kg3 48. Kxb5 Kxg2 49. Kb6 Kxh3 50. Kxb7 1-0

[Event "Tradewise Gibraltar ChallWk2"]
[Site "Gibraltar"]
[Date "2018.01.30"]
[Round "4.7"]
[White "Jordan Martinez, David"]
[Black "Maisuradze, Nino"]
[Result "0-1"]
[WhiteElo "2095"]
[BlackElo "2234"]
[PlyCount "54"]
[EventDate "2018.01.27"]
[EventType "swiss"]
[EventRounds "5"]
[EventCountry "GGB"]

1. e4 c5 2. g3 g6 3. Bg2 Bg7 4. Ne2 Nc6 5. c3 e5 6. O-O Nge7 7. d3 d6 8. Be3
O-O 9. h3 b6 10. f4 f5 11. Qb3+ Kh8 12. Nd2 Ba6 13. c4 Rb8 14. Nc3 Qd7 15. Rac1
fxe4 16. Ndxe4 Nf5 17. Bd2 Nb4 18. Ne2 d5 19. cxd5 Nxd3 20. Rc3 Nb4 21. Rc4
Nxd5 22. Rfc1 Bxc4 23. Qxc4 Nde3 24. Qb3 Nxg2 25. Kxg2 exf4 26. Bxf4 Rbe8 27.
Qf3 Qc6 0-1

[Event "Tradewise Gibraltar ChallWk2"]
[Site "Gibraltar"]
[Date "2018.01.30"]
[Round "4.8"]
[White "Bendayan Claros, Aaron"]
[Black "Lung, Liviu-Catalin"]
[Result "1-0"]
[WhiteElo "2191"]
[BlackElo "2085"]
[PlyCount "60"]
[EventDate "2018.01.27"]
[EventType "swiss"]
[EventRounds "5"]
[EventCountry "GGB"]

1. d4 Nf6 2. c4 g6 3. Nc3 Bg7 4. e4 O-O 5. f3 d6 6. Be3 Nc6 7. Nge2 a6 8. Qd2
Rb8 9. Rc1 e5 10. d5 Ne7 11. g3 h5 12. Bg2 Kh7 13. O-O Neg8 14. b4 Bh6 15. c5
Ne8 16. f4 exf4 17. gxf4 h4 18. h3 Qe7 19. cxd6 cxd6 20. Nd4 f5 21. Nf3 fxe4
22. Nxe4 Ngf6 23. Neg5+ Bxg5 24. Nxg5+ Kg8 25. Rce1 Qd8 26. Qf2 Ng7 27. Bb6 Qd7
28. Ne6 Re8 29. Qxh4 Nxd5 30. Nxg7 Kf7 1-0

[Event "Tradewise Gibraltar ChallWk2"]
[Site "Gibraltar"]
[Date "2018.01.30"]
[Round "4.9"]
[White "Schweitzer, Werner"]
[Black "Dolzhikova, Olga"]
[Result "0-1"]
[WhiteElo "2060"]
[BlackElo "2187"]
[PlyCount "46"]
[EventDate "2018.01.27"]
[EventType "swiss"]
[EventRounds "5"]
[EventCountry "GGB"]

1. e4 c5 2. b3 Nf6 3. e5 Nd5 4. Bb2 Nc6 5. g3 d6 6. exd6 Qxd6 7. Bg2 Bf5 8. Ne2
Ndb4 9. Na3 Bxc2 10. Nxc2 Nd3+ 11. Kf1 Nxb2 12. Qb1 Nd3 13. Ne3 g6 14. Nc1 Nde5
15. Nc4 Qf6 16. Qb2 Bg7 17. Nxe5 Nxe5 18. Rb1 Rb8 19. Be4 O-O 20. Kg2 Qd6 21.
d4 cxd4 22. Rd1 f5 23. Rxd4 Qb6 0-1

[Event "Tradewise Gibraltar ChallWk2"]
[Site "Gibraltar"]
[Date "2018.01.30"]
[Round "4.10"]
[White "Ernst, Michael"]
[Black "Bryn, Askild"]
[Result "1-0"]
[WhiteElo "2176"]
[BlackElo "2057"]
[PlyCount "95"]
[EventDate "2018.01.27"]
[EventType "swiss"]
[EventRounds "5"]
[EventCountry "GGB"]

1. d4 d6 2. e4 e5 3. dxe5 dxe5 4. Qxd8+ Kxd8 5. Nf3 f6 6. Be3 Be6 7. Nbd2 c6 8.
a4 Nd7 9. Bc4 Bxc4 10. Nxc4 Kc7 11. Ke2 Bc5 12. Bd2 Nb6 13. Na5 Nc8 14. Ne1 Nd6
15. f3 Bb6 16. b3 Ne7 17. Nd3 f5 18. exf5 Nexf5 19. Nb2 e4 20. f4 Nd4+ 21. Kd1
e3 22. Bxe3 Nxc2 23. Bxb6+ axb6 24. Kxc2 Rxa5 25. Nd3 Nf5 26. Rhe1 Rd8 27. g4
Nd4+ 28. Kc3 Nxb3 29. Re7+ Kc8 30. Rd1 Rad5 31. Kxb3 Rxd3+ 32. Rxd3 Rxd3+ 33.
Kc4 Rf3 34. Rxg7 Rxf4+ 35. Kb3 Rf3+ 36. Kc4 Rh3 37. Kd4 h5 38. g5 Rh4+ 39. Ke5
Rxa4 40. Rh7 Rg4 41. Kf5 b5 42. g6 Kb8 43. Rxh5 Rg2 44. Rg5 Rf2+ 45. Ke6 Rxh2
46. g7 Re2+ 47. Kf7 Rf2+ 48. Kg6 1-0